Banking and digital currency (Record no. 520140)

000 -LEADER
fixed length control field 00792nam a22001457a 4500
008 - FIXED-LENGTH DATA ELEMENTS--GENERAL INFORMATION
fixed length control field 220704b ||||| |||| 00| 0 eng d
100 ## - MAIN ENTRY--PERSONAL NAME
Personal name Sinha, Shishir
245 ## - TITLE STATEMENT
Title Banking and digital currency
260 ## - PUBLICATION, DISTRIBUTION, ETC. (IMPRINT)
Place of publication, distribution, etc Yojana
300 ## - PHYSICAL DESCRIPTION
Extent 66(3), Mar, 2022: p.33-35
520 ## - SUMMARY, ETC.
Summary, etc The finance minister made a provision of a special incentive scheme in the general budge for the financial year 2021-22 with a view of boosting up digital transactions. It was felt that the virtual digital assets need to be regulated. India is one of the most efficient payment markets in the world. An efficient digital transaction ecosystem will give a boost to research, development, and innovation in fintech space. – Reproduced
773 ## - HOST ITEM ENTRY
Main entry heading Yojana
906 ## - LOCAL DATA ELEMENT F, LDF (RLIN)
Subject DIP BANKING AND FINANCE
942 ## - ADDED ENTRY ELEMENTS (KOHA)
Item type Articles
Holdings
Withdrawn status Lost status Source of classification or shelving scheme Damaged status Not for loan Permanent location Current location Date acquired Serial Enumeration / chronology Barcode Date last seen Koha item type
          Indian Institute of Public Administration Indian Institute of Public Administration 2022-07-04 66(3), Mar, 2022: p.33-35 AR126804 2022-07-04 Articles

Powered by Koha